[Event "Heusenstamm Schloss op"]
[Site "Heusenstamm"]
[Date "2022.11.18"]
[Round "3"]
[White "Schellenberger, Dirk"]
[Black "Schunke, Oliver"]
[Result "1-0"]
[WhiteElo "1799"]
[BlackElo "1786"]
[PlyCount "87"]
[EventDate "2022.11.17"]
[EventType "swiss"]
[EventRounds "7"]
[EventCountry "GER"]
[SourceTitle "CBM 212 Extra"]
[Source "ChessBase"]
[SourceDate "2023.03.31"]
[SourceVersion "1"]
[SourceVersionDate "2023.03.31"]
[SourceQuality "1"]

1. e3 Nf6 2. Nf3 d5 3. c4 c6 4. Nc3 g6 5. cxd5 cxd5 6. Be2 Bg7 7. 0-0 0-0 8. d4 Nc6 9. a3 Bf5 10. b4 Ne4 11. Bb2 Nxc3 12. Bxc3 Re8 13. b5 Nb8 14. Qb3 Bf6 15. Rfc1 g5 16. a4 g4 17. Ne5 h5 18. Bb4 Be6 19. Nd3 Bg5 20. Nc5 b6 21. Nxe6 fxe6 22. Qd3 Kg7 23. h3 Nd7 24. hxg4 hxg4 25. Bxg4 Rh8 26. Rc6 Rh4 27. Rxe6 Nf8 28. g3 Rxg4 29. Qf5 Rxg3+ 30. fxg3 Nxe6 31. Qxe6 Qg8 32. Qg4 Kf7 33. Qh5+ Qg6 34. Rf1+ Kg7 35. Qxg6+ Kxg6 36. Bd2 Rc8 37. Kf2 Rf8+ 38. Ke2 Rxf1 39. Kxf1 Kf5 40. e4+ dxe4 41. Bxg5 Kxg5 42. Kf2 Kg4 43. Ke3 Kxg3 44. d5 1-0

[Event "Prague Holiday K11"]
[Site "Prague"]
[Date "2013.07.15"]
[Round "3"]
[White "Schunke, Oliver"]
[Black "Korth, Manfred"]
[Result "0-1"]
[WhiteElo "1878"]
[BlackElo "1887"]
[PlyCount "96"]
[EventDate "2013.07.14"]
[EventType "tourn"]
[EventRounds "9"]
[EventCountry "CZE"]
[SourceTitle "EXT 2023"]
[Source "ChessBase"]
[SourceDate "2022.10.05"]
[SourceVersion "1"]
[SourceVersionDate "2022.10.05"]
[SourceQuality "1"]

1. Nc3 d6 2. d4 Nf6 3. e4 c6 4. g3 Nbd7 5. Bg2 e5 6. dxe5 dxe5 7. Nge2 Bc5 8. 0-0 b5 9. a3 a5 10. h3 0-0 11. Kh2 Qe7 12. Qd3 Ba6 13. Qf3 b4 14. Na4 Bd6 15. Rd1 Bb5 16. b3 Bxa4 17. bxa4 bxa3 18. Qd3 Bb4 19. c3 Bc5 20. f4 Rfd8 21. Qc2 Qe6 22. fxe5 Nxe5 23. Nd4 Qe8 24. Bf4 Nh5 25. Bc1 Rac8 26. Qe2 g6 27. Bg5 Rd7 28. Bc1 Qe7 29. Be3 Rb7 30. Nf5 Qf8 31. Bh6 Qe8 32. Nd4 Ng7 33. Rf1 Rb2 34. Qe3 Ne6 35. Bf4 Nxf4 36. gxf4 Nc4 37. Qg3 Nd2 38. e5 Nxf1+ 39. Rxf1 a2 40. Nf5 Bf8 41. Ra1 Qe6 42. Nd4 Qc4 43. f5 Rb1 44. fxg6 hxg6 45. e6 Rxa1 46. exf7+ Qxf7 47. Be4 Rh1+ 48. Bxh1 a1Q 0-1

[Event "Prague Holiday K11"]
[Site "Prague"]
[Date "2013.07.14"]
[Round "2"]
[White "Cisarik, Pavol"]
[Black "Schunke, Oliver"]
[Result "1-0"]
[WhiteElo "1777"]
[BlackElo "1878"]
[PlyCount "74"]
[EventDate "2013.07.14"]
[EventType "tourn"]
[EventRounds "9"]
[EventCountry "CZE"]
[SourceTitle "EXT 2023"]
[Source "ChessBase"]
[SourceDate "2022.10.05"]
[SourceVersion "1"]
[SourceVersionDate "2022.10.05"]
[SourceQuality "1"]

1. e4 e5 2. Nf3 d6 3. d4 exd4 4. Nxd4 Nf6 5. Nc3 Be7 6. Bc4 0-0 7. 0-0 Nxe4 8. Nxe4 d5 9. Bxd5 Qxd5 10. Nc3 Qd8 11. Bf4 c6 12. Re1 Bf6 13. Be5 Nd7 14. Bd6 Re8 15. Ne4 Be7 16. Nf5 Bxd6 17. Nexd6 Rxe1+ 18. Qxe1 Nf6 19. Ne7+ Kf8 20. Nexc8 Rxc8 21. Nxc8 Qxc8 22. Qe5 Qd8 23. h3 a6 24. Qc5+ Qe7 25. Qxe7+ Kxe7 26. f3 h5 27. Kf2 h4 28. Rd1 g5 29. a4 Nd5 30. a5 f6 31. Rd4 Ke6 32. Re4+ Kf7 33. g3 hxg3+ 34. Kxg3 f5 35. Rd4 Ke6 36. c4 Nf4 37. Rxf4 gxf4+ 1-0

[Event "Prague Holiday K11"]
[Site "Prague"]
[Date "2012.07.18"]
[Round "6"]
[White "Vitek, Jan"]
[Black "Schunke, Oliver"]
[Result "1/2-1/2"]
[WhiteElo "1970"]
[BlackElo "1834"]
[PlyCount "47"]
[EventDate "2012.07.15"]
[EventType "tourn"]
[EventRounds "9"]
[EventCountry "CZE"]
[SourceTitle "EXT 2023"]
[Source "ChessBase"]
[SourceDate "2022.10.05"]
[SourceVersion "1"]
[SourceVersionDate "2022.10.05"]
[SourceQuality "1"]

1. e4 e5 2. Nf3 d6 3. Bc4 Be7 4. c3 Nf6 5. d3 0-0 6. Bb3 h6 7. Nbd2 c6 8. Nf1 Qc7 9. Ng3 Nbd7 10. 0-0 a5 11. Re1 b5 12. Nf5 Nc5 13. Nxe7+ Qxe7 14. Bc2 Bg4 15. h3 Bh5 16. Qe2 Rfd8 17. g4 Bg6 18. Nh4 Bh7 19. Nf5 Bxf5 20. gxf5 Kh7 21. Kh2 Rg8 22. Rg1 Ncd7 23. Be3 Nc5 24. f4 1/2-1/2

[Event "Prague Holiday K11"]
[Site "Prague"]
[Date "2012.07.15"]
[Round "2"]
[White "Hadzala, Daniel"]
[Black "Schunke, Oliver"]
[Result "1-0"]
[WhiteElo "2126"]
[BlackElo "1834"]
[PlyCount "69"]
[EventDate "2012.07.15"]
[EventType "tourn"]
[EventRounds "9"]
[EventCountry "CZE"]
[SourceTitle "EXT 2023"]
[Source "ChessBase"]
[SourceDate "2022.10.05"]
[SourceVersion "1"]
[SourceVersionDate "2022.10.05"]
[SourceQuality "1"]

1. d4 d5 2. c4 c6 3. Nf3 e6 4. g3 dxc4 5. Bg2 b5 6. a4 Bb7 7. Nc3 Bb4 8. 0-0 Bxc3 9. bxc3 a6 10. Ne5 Ne7 11. Ba3 Ng6 12. Qb1 Qc7 13. Rd1 Nd7 14. axb5 axb5 15. h4 Ngxe5 16. dxe5 Rxa3 17. Rxa3 0-0 18. f4 Nc5 19. Qb4 Nb3 20. Kh2 Qb6 21. Qe7 Qc5 22. Qxc5 Nxc5 23. Rd6 Rc8 24. Bxc6 g6 25. Bxb7 Nxb7 26. Rb6 Nc5 27. Rxb5 Ne4 28. Kg2 Rd8 29. Rb7 h5 30. Kf3 Nd2+ 31. Ke3 Nf1+ 32. Kf2 Nd2 33. Rc7 Ne4+ 34. Kg2 Nd2 35. Raa7 1-0